Konkurz vyhrala Iveta Marinová riaditeľ nemocnice

Bibliographic Details
Main Author: Gécziová, Katarína (Author)
Format: Article
Language:Slovak
PhysicalDescription:Fotogr.
ISSN:1335-4566
Subjects:

MARC

LEADER 00000nab a2200000 a 4500
001 vtls010204416
003 SK-MaSNL
005 20260303210803.0
008 171108c20110118xo drz 0 0slo
038 |a KEVKJB 
040 |a KEVKJB  |b slo  |c KEVKJB  |e AACR2 
041 0 |a slo 
044 |a xo  |c SK 
080 |a 614.2  |2 2001 
100 1 |a Gécziová, Katarína  |4 aut  |9 1031787 
245 1 0 |a Konkurz vyhrala Iveta Marinová  |b riaditeľ nemocnice  |c Katarína Gécziová 
300 |b Fotogr. 
600 1 7 |a Marinová, Iveta  |2 kevkjb  |9 868422 
610 2 7 |a Univerzitná nemocnica L. Pasteura Košice  |2 kevkjb  |9 155401 
651 7 |a nemocnice  |z Košice (Slovensko)  |2 kevkjb  |9 1039177 
651 7 |a Košice (Slovensko)  |2 kevkjb  |9 18694 
773 0 |t Košický Korzár  |g Roč. XIV., č. 13 (18.1.2011), s. 2  |x 1335-4566 
852 |a KEVKJB  |b KIS3GCP 
958 |a MI 
999 |c 2201710  |d 2203640